000 00980nam a22002537a 4500
999 _c12651
_d12651
003 AR-CdUCM
008 190409b ||||| |||| 00| 0 spa d
040 _aMUNICIPALIDAD PROVINCIAL DEL CUSCO
_cBIBLIOTECA MUNICIPAL DEL CUSCO
082 _aC / 398.36 /
_bT693
100 _aTorres, Luis Alberto
_930599
245 _aPuka Phallcha /
260 _aCusco :
_bAsociación Pukllasunchis,
_bProyecto de Radio,
_c2009.
300 _a39 págiinas ;
_bFotografías, ilustraciones
_c21 cm.
440 _aAsociacion Pukllasunchis
_n5
_930600
505 _aContenido: El anexo de Ccochayoc -- Las flores, adornos de la naturaleza -- La puka phallcha -- Origen -- Nombre y significado -- Las semillas ...
650 _aFlores silvestres
_930601
650 _aPerú-Lares
_930602
650 _aFloclore
_930603
650 _aVida y costumbres sociales
_9857
700 _aPuma, Jaime
_930604
700 _aZúñiga, Luz María
_930605
942 _2ddc
_cLIBROS
945 _acmm
_d2019-04-09